|
|
|
|
| LEADER |
00000nam a2200000 4500 |
| 008 |
160506b2014 CR ||||| |||| 00| | spa d |
| 090 |
|
|
|a 06.02.04
|b 2200
|
| 100 |
1 |
|
|9 110
|a González Zúñiga, Marianela
|
| 245 |
1 |
4 |
|a Los procesos de transformación de la política educativa en Centroamérica y República Dominicana desde una visión de la educación comparada (1990-2012) /
|c Marianela González Zúñiga
|
| 260 |
|
|
|a [San José, Costa Rica] :
|b INIE,
|c 2014
|
| 300 |
|
|
|a 1 volumen (en varias paginaciones)
|
| 500 |
|
|
|a Informe final proyecto de investigación N° 724-B2-261
|
| 650 |
1 |
4 |
|9 451
|a POLÍTICA EDUCATIVA
|
| 650 |
1 |
4 |
|9 1711
|a EDUCACIÓN COMPARADA
|
| 650 |
1 |
4 |
|9 401
|a SISTEMAS DE ENSEÑANZA
|
| 942 |
|
|
|i 003890
|h 06.02.04 2200
|2 z
|c 04
|
| 999 |
|
|
|c 3209
|d 3209
|